000 01512cam a2200301 a 4500
001 15804097
003 ARRUPE
005 20150121020008.0
008 090706s2009 miu b 000 0 eng
010 _a 2009027587
020 _a9780802863447 (pbk. : alk. paper)
020 _a0802863442 (pbk. : alk. paper)
035 _a(OCoLC)ocn368048441
040 _aDLC
_cDLC
_dBTCTA
_dIMC
_dC#P
_dBWX
_dYDXCP
_dDLC
050 0 0 _aBV4910.34
_b.H36 2009
082 0 0 _a242/.4
_222
100 1 _aHart, Addison Hodges,
_d1956-
_97688
245 1 0 _aKnowing darkness :
_bon skepticism, melancholy, friendship, and God /
_cAddison Hodges Hart.
260 _aGrand Rapids, Mich. :
_bWilliam B. Eerdmans Pub.,
_c2009.
300 _avii, 136 p. ;
_c19 cm.
504 _aIncludes bibliographical references.
505 0 _aIntroduction: Walking by faith, not by sight : the darkness of Mother Teresa -- Faith and skepticism -- Sorrow in the kingdom of God -- The Bible's Kerouac : Ecclesiastes -- Job and the problem of conventional piety -- A midwinter's dark night dialogue on friendship -- Concluding unscientific postscript.
650 0 _aDepression, Mental
_xReligious aspects
_xChristianity.
_97689
650 0 _aDepression, Mental
_xBiblical teaching.
_97690
906 _a7
_bcbc
_corignew
_d1
_eecip
_f20
_gy-gencatlg
942 _2lcc
_cMONOGRAPH
_01
999 _c119876
_d119876